Water/air transition in biology
Đã lưu trong:
| 主要作者: | |
|---|---|
| 格式: | 圖書 |
| 語言: | Undetermined |
| 出版: |
Enfield, New Hampshire
Science
1999
|
| 主題: | |
| 標簽: |
添加標簽
沒有標簽, 成為第一個標記此記錄!
|
| Thư viện lưu trữ: | Trung tâm Học liệu Trường Đại học Cần Thơ |
|---|
| LEADER | 00546nam a2200169Ia 4500 | ||
|---|---|---|---|
| 001 | CTU_48980 | ||
| 008 | 210402s9999 xx 000 0 und d | ||
| 082 | |a 577.6 | ||
| 082 | |b W324 | ||
| 100 | |a Water/air transition in biology | ||
| 245 | 0 | |a Water/air transition in biology | |
| 245 | 0 | |c Water/air transition in biology, A K MITTAL, F. B. Eddy, J. S. Datta Munshi | |
| 260 | |a Enfield, New Hampshire | ||
| 260 | |b Science | ||
| 260 | |c 1999 | ||
| 650 | |a aquatic ecology,marine biology | ||
| 980 | |a Trung tâm Học liệu Trường Đại học Cần Thơ | ||